[Event "Regionalliga SW9798"]
[Site "Bayern"]
[Date "1998.??.??"]
[Round "?"]
[White "Benedde, Guenter"]
[Black "Arnold, Ralf"]
[Result "1/2-1/2"]
[WhiteElo "2065"]
[BlackElo "2080"]

1.d4 Nf6 2.c4 e6 3.Nf3 b6 4.a3 Bb7 5.e3 Be7 6.Nc3 d5 7.Bd3 O-O 8.O-O c5 9.Qe2 Nbd7
10.Rd1 Qc7 11.cxd5 exd5 12.Bd2 Rac8 13.Rac1 Rfe8 14.Ba6 Bxa6 15.Qxa6 Nb8
16.Qd3 c4 17.Qe2 Nc6 18.Be1 a6 19.Nxd5 Nxd5 20.Qxc4 Qd7 21.Qxa6 f5 22.Qd3 Bd6
23.Qb3 Ne7 24.Bc3 Kf8 25.Bd2 Qe6 26.Ng5 Qg6 27.Nf3 h6 28.h3 Qe6 29.Qb5 Nc7
30.Qe2 Ned5 31.Qd3 Nf6 32.Bb4 Bxb4 33.axb4 Ncd5 34.b5 Nd7 35.Rc6 Rxc6 36.bxc6 Nb8
37.Ne5 Rc8 38.Rc1 g6 39.Qb5 Rc7 40.Nxg6+ Qxg6 41.Qxd5 Rxc6 42.Ra1 Rd6 43.Qe5 Nc6
44.Qb5 Ne7 45.Ra8+ Kg7 46.Ra7 Kf7 47.b4 Rc6 48.Ra1 Qd6 49.g3 Kf6 50.Qe2 Qxb4
51.Qh5 Kg7 52.Ra7 Qb1+ 53.Kh2 Qe4 54.Qd1 Re6 55.d5 Rd6 56.Qa1+ Kf7 57.Qh8 Rg6
58.Qd8 Qe5 59.Rd7 Rxg3 60.fxg3 Qb2+ 61.Kg1 Qc1+ 62.Kf2 Qc2+  1/2-1/2

[Event "Oberliga Bayern9798"]
[Site "Bayern"]
[Date "1998.??.??"]
[Round "?"]
[White "Wendt, Rene"]
[Black "Kaiser, Wolfgang"]
[Result "1/2-1/2"]
[WhiteElo "2265"]
[BlackElo "2330"]

1.d4 Nf6 2.c4 e6 3.Nf3 b6 4.a3 Ba6 5.Qc2 Bb7 6.Nc3 c5 7.d5 exd5 8.cxd5 Nxd5
9.Bg5 Nf6 10.e4 h6 11.Bh4 Be7 12.O-O-O O-O 13.Bc4 Nh5 14.Bg3 Nc6 15.e5 Nxg3
16.hxg3 Na5 17.Rxd7 Qxd7 18.Rxh6 gxh6 19.Qg6+ Kh8 20.Qxh6+ Kg8 21.Qg6+ Kh8
22.Qh6+  1/2-1/2

[Event "Berliner Sommer 16th"]
[Site "Berlin"]
[Date "1998.??.??"]
[Round "5"]
[White "Arkhangelsky, Boris"]
[Black "Kiesekamp, Marcos"]
[Result "1-0"]
[WhiteElo "2400"]
[BlackElo "2220"]

1.d4 Nf6 2.Nf3 e6 3.c4 b6 4.a3 Ba6 5.Qc2 c5 6.dxc5 bxc5 7.Bf4 Nc6 8.e3 Qa5+
9.Nc3 d5 10.Nd2 d4 11.Nb3 Qd8 12.exd4 cxd4 13.Rd1 e5 14.Bg5 Be7 15.Bxf6 Bxf6
16.Nd5 O-O 17.Bd3 g6 18.O-O Bg7 19.Nc5 Bc8 20.f4 f5 21.fxe5 Bxe5 22.b4 Qd6
23.g3 a5 24.Na4 Be6 25.Nab6 Bxd5 26.Nxa8 Nxb4 27.c5 Nxc2 28.cxd6 Ne3 29.Nb6 Nxd1
30.Rxd1 Bf3 31.Rf1 Be4 32.Bxe4 d3 33.Bd5+  1-0

[Event "Biel op"]
[Site "Biel"]
[Date "1998.??.??"]
[Round "5"]
[White "Portisch, Lajos"]
[Black "Cherniaev, Alexander"]
[Result "1/2-1/2"]
[WhiteElo "2600"]
[BlackElo "2465"]

1.d4 Nf6 2.c4 e6 3.Nf3 b6 4.a3 Ba6 5.e3 c5 6.Nc3 cxd4 7.exd4 d6 8.Bd3 Nbd7
9.O-O Rc8 10.Qe2 Be7 11.b3 O-O 12.Bb2 Re8 13.Rfd1 Bf8 14.Rac1 Bb7 15.Bb1 a6
16.Nd2 Qc7 17.Nce4 Qd8 18.Ng3 g6 19.Ndf1 Bg7 20.Ne3 Qc7 21.b4 Qb8 22.Ba2 Qa8
23.Qf1 h5 24.h3 h4 25.Ne2 Nh5  1/2-1/2

[Event "SLO-ch U20"]
[Site "Bled"]
[Date "1998.??.??"]
[Round "?"]
[White "Soln, Primoz"]
[Black "Pregarac, V."]
[Result "1-0"]
[WhiteElo "2325"]
[BlackElo "1865"]

1.d4 e6 2.c4 Nf6 3.Nf3 b6 4.a3 Ba6 5.Qc2 c5 6.d5 exd5 7.cxd5 Bb7 8.e4 Qe7
9.Bd3 c4 10.Qxc4 Ba6 11.Qc2 Bxd3 12.Qxd3 Qxe4+ 13.Qxe4+ Nxe4 14.O-O Be7 15.Re1 Nd6
16.Bf4 Kd8 17.Nc3 Na6 18.Rxe7 Kxe7 19.Re1+ Kd8 20.Bxd6 Re8 21.Rd1 f6 22.Nd4 Kc8
23.Ncb5 Kb7 24.Bg3 Rg8 25.Nf5 Raf8 26.Nfd6+ Ka8 27.Rd4 Nc5 28.b4 Na6 29.Rc4 f5
30.Be5 Rd8 31.f3 g5 32.Kf2 g4 33.f4 h5 34.g3 Rgf8 35.a4  1-0

[Event "Bled op"]
[Site "Bled"]
[Date "1998.??.??"]
[Round "3"]
[White "Alexander, Paco"]
[Black "Gruskovnjak, Tomislav"]
[Result "0-1"]
[WhiteElo "2180"]
[BlackElo "2230"]

1.Nf3 Nf6 2.d4 e6 3.c4 b6 4.a3 Bb7 5.Nc3 Be7 6.e3 O-O 7.Bd3 d5 8.O-O Nbd7
9.cxd5 Nxd5 10.e4 Nxc3 11.bxc3 c5 12.e5 cxd4 13.cxd4 Rc8 14.Re1 Re8 15.Re3 Nf8
16.h4 Kh8 17.Ng5 Bxg5 18.hxg5 Qxd4 19.Bd2 Red8 20.Bb4 Ng6 21.Bd6 Nf4 22.Qb1 Rc3
23.Bxh7 Rxe3 24.fxe3 Qxe3+ 25.Kh2  0-1

[Event "Bled op-B"]
[Site "Bled"]
[Date "1998.??.??"]
[Round "4"]
[White "Skok, Boris"]
[Black "Fucak, Emilijo"]
[Result "0-1"]
[WhiteElo "2140"]
[BlackElo "2265"]

1.d4 Nf6 2.c4 e6 3.Nf3 b6 4.a3 g6 5.Nc3 Bb7 6.Qc2 d5 7.Bg5 Bg7 8.cxd5 exd5
9.e3 O-O 10.Be2 Nbd7 11.O-O Qe7 12.Rfd1 a5 13.Rac1 Rfc8 14.h3 c6 15.a4 Qe6
16.Re1 Re8 17.Bf4 Bf8 18.Ng5 Qe7 19.Bd3 Nh5 20.Re2 Nxf4 21.exf4 Qf6 22.Rxe8 Rxe8
23.Ne2 Bd6 24.g3 c5 25.Bb5 Re7 26.Nf3 Nf8 27.Ne5 Qe6 28.Kh2 Qf6 29.Qd2 h5
30.Ng1 Ne6 31.Ngf3 Nxd4 32.Nxd4 cxd4 33.Qxd4 h4 34.Re1 Bc5 35.Qd3 Bxf2 36.Re2 hxg3+
37.Kg2 d4+ 38.Kf1 Qxf4  0-1

[Event "Bodensee Cup 4th"]
[Site "Bodensee"]
[Date "1998.??.??"]
[Round "3"]
[White "Gruenenwald, Joerg"]
[Black "Vatter, Hans Joachim"]
[Result "1/2-1/2"]
[WhiteElo "2300"]
[BlackElo "2320"]

1.d4 Nf6 2.c4 e6 3.Nf3 b6 4.a3 Bb7 5.Nc3 d5 6.Bg5 Be7 7.Bxf6 Bxf6 8.cxd5 exd5
9.Qa4+ Qd7 10.Qxd7+ Kxd7 11.g3 a6 12.Bg2 Re8 13.O-O Kd6 14.Rad1 Nd7 15.e4 dxe4
16.Nd2 Rab8 17.Ndxe4+ Ke7 18.Rfe1 Kf8 19.Nxf6  1/2-1/2

[Event "Budapest Nyar op"]
[Site "Budapest"]
[Date "1998.??.??"]
[Round "9"]
[White "Szabolcsi, Janos"]
[Black "Seres, Lajos"]
[Result "1-0"]
[WhiteElo "2425"]
[BlackElo "2420"]

1.d4 Nf6 2.Nf3 e6 3.c4 b6 4.a3 Bb7 5.Nc3 Ne4 6.Nxe4 Bxe4 7.Nd2 Bb7 8.e4 Be7
9.Bd3 d6 10.O-O Nd7 11.b4 Bf6 12.Bb2 c5 13.Nf3 O-O 14.Qe2 cxd4 15.Nxd4 Ne5
16.Bc2 d5 17.cxd5 exd5 18.Rad1 Nc4 19.Bc1 Re8 20.f4 dxe4 21.Qxc4 Rc8 22.Nc6  1-0

[Event "Cairo op"]
[Site "Cairo"]
[Date "1998.??.??"]
[Round "9"]
[White "Ahmed, Ehab"]
[Black "Abdel Fadil, M."]
[Result "0-1"]
[WhiteElo "2285"]
[BlackElo "2190"]

1.d4 Nf6 2.c4 e6 3.Nf3 b6 4.a3 Bb7 5.Nc3 d5 6.cxd5 Nxd5 7.Qc2 c5 8.e4 Nc7
9.Be3 cxd4 10.Nxd4 Be7 11.Rd1 Qc8 12.Qa4+ Kf8 13.Be2 a6 14.O-O b5 15.Qa5 Ne8
16.a4 b4 17.Na2 Bxe4 18.f3 Bd5 19.Rc1 Qb7 20.Rc7 Nxc7  0-1

[Event "Cannes op"]
[Site "Cannes"]
[Date "1998.??.??"]
[Round "8"]
[White "Kaabi, Mejdi"]
[Black "Spiridonov, Nikola"]
[Result "1/2-1/2"]
[WhiteElo "2330"]
[BlackElo "2395"]

1.d4 Nf6 2.c4 e6 3.Nf3 b6 4.a3 Bb7 5.Nc3 d5 6.cxd5 Nxd5 7.Qc2 Be7 8.e4 Nxc3
9.bxc3 O-O 10.Bd3 c5 11.O-O cxd4 12.cxd4 Qc8 13.Qe2 Ba6 14.Rd1 Bxd3 15.Qxd3 Nd7
16.Bg5 Bxg5 17.Nxg5 h6 18.Nh3 Nf6 19.Nf4 Qb7 20.d5 exd5 21.Nxd5 Nxd5 22.exd5 Rad8
23.Ra2 Rfe8 24.Re2 Rxe2 25.Qxe2 Qc7 26.h3 Qd6 27.Qa6 Rd7 28.a4 Kh7 29.Qb5 g6
30.g3 Kg7 31.Rd4 Re7 32.Rd1 Re5 33.Qc6 Qxc6 34.dxc6 Rc5 35.Rd7 a5 36.c7  1/2-1/2

[Event "Cappelle op"]
[Site "Cappelle la Grande"]
[Date "1998.??.??"]
[Round "3"]
[White "Bosboom, Manuel"]
[Black "Rashkovsky, Nukhim N"]
[Result "1-0"]
[WhiteElo "2450"]
[BlackElo "2505"]

1.d4 Nf6 2.c4 e6 3.Nf3 b6 4.a3 Bb7 5.Nc3 g6 6.d5 exd5 7.cxd5 Bg7 8.g3 O-O
9.Bg2 c5 10.O-O d6 11.Rb1 Re8 12.b4 Nbd7 13.Nb5 Ne4 14.Ng5 Ndf6 15.bxc5 dxc5
16.d6 Rb8 17.Qd3 Nxg5 18.Bxg5 Bxg2 19.Kxg2 Qd7 20.Rfd1 Qb7+ 21.f3 h6 22.Bf4 Nd7
23.Nc7 Rf8 24.Qb5 Rbd8 25.a4 g5 26.Bc1 Ne5 27.Bb2 g4 28.Rd5 gxf3+ 29.exf3 Rxd6
30.Rbd1 Rxd5 31.Nxd5 Ng6 32.Bxg7 Kxg7 33.Qb2+ f6 34.Ne3 Qc8 35.Rd5 Ne7 36.Rh5 Qe6
37.Ng4 Ng8 38.a5 Re8 39.Kh3 Qe2 40.Qb1  1-0

[Event "Cappelle op"]
[Site "Cappelle la Grande"]
[Date "1998.??.??"]
[Round "3"]
[White "Delemarre, Jop"]
[Black "Brodsky, Michail"]
[Result "1/2-1/2"]
[WhiteElo "2420"]
[BlackElo "2545"]

1.d4 e6 2.c4 Nf6 3.Nf3 b6 4.a3 Ba6 5.Qc2 Bb7 6.Nc3 c5 7.dxc5 Bxc5 8.Bf4 O-O
9.Rd1 Nc6 10.e3 h6 11.Be2 Nh5 12.Bd6 Bxd6 13.Rxd6 Nf6 14.O-O Ne8 15.Rd2 Qe7
16.Rc1 Rd8 17.Qa4 Nf6 18.Nd4 Nxd4 19.Rxd4 Ra8 20.Qd1 Rfd8 21.Bf3 Bxf3 22.Qxf3 d6
23.Rcd1 Rac8 24.Qe2 Rc6 25.h3 Rdc8 26.Qd3 Ne8 27.Nb5 Rd8 28.Qe4 Rdc8 29.Qd3 Rd8
30.Qe4  1/2-1/2

[Event "CZE-chT2 9798"]
[Site "CZE"]
[Date "1998.??.??"]
[Round "10.4"]
[White "Novacek, Jan"]
[Black "Pick, Stepan"]
[Result "1-0"]
[WhiteElo "2130"]
[BlackElo "2210"]

1.d4 Nf6 2.Nf3 e6 3.c4 b6 4.a3 Ba6 5.Qc2 Bb7 6.g3 c5 7.dxc5 Bxc5 8.Bg2 O-O
9.O-O d5 10.cxd5 Bxd5 11.Nc3 Bb7 12.Bf4 Nbd7 13.Rad1 Qc8 14.Rc1 h6 15.Qb1 Qe8
16.b4 e5 17.Nxe5 Bxg2 18.Nxd7 Bxf1 19.Nxf6+ gxf6 20.bxc5 Bh3 21.Bxh6 Qc6
22.Qe4 Qxe4 23.Nxe4 Rfc8 24.Nxf6+ Kh8 25.c6 Be6 26.c7 b5 27.Rc5 a5 28.Rh5  1-0

[Event "Dieren op"]
[Site "Dieren"]
[Date "1998.??.??"]
[Round "8"]
[White "Sorkin, Igor"]
[Black "Bakker, Sven"]
[Result "1/2-1/2"]
[WhiteElo "2290"]
[BlackElo "2140"]

1.d4 Nf6 2.c4 e6 3.Nf3 b6 4.a3 Ba6 5.Qc2 Bb7 6.Nc3 c5 7.e4 cxd4 8.Nxd4 Bc5
9.Nb3 Nc6 10.Bd3 Rc8 11.O-O h6 12.Bf4 d6 13.Rad1 e5 14.Bg3 Nh5 15.Be2 Nxg3
16.hxg3 Qe7 17.Bg4 Rd8 18.Nd5 Qg5 19.Nc7+ Kf8 20.Bh3 g6 21.Kh2 Qh5 22.f4 g5
23.fxg5 hxg5 24.Ne6+ Ke7 25.Nxd8 Nxd8 26.Nxc5 bxc5 27.Qd2 Qg6 28.Qa5 Ne6
29.Qxa7 Qxe4 30.Rd5 Nd8 31.Qb6 Rxh3+ 32.gxh3 Qe2+ 33.Kg1 Qe3+ 34.Kg2 Qe4+
35.Rf3 Bxd5 36.cxd5 g4 37.hxg4 Qe2+ 38.Rf2 Qe4+ 39.Kh2 Qh7+ 40.Kg1 Qb1+ 41.Rf1 Qd3
42.Qc7+  1/2-1/2

[Event "Dresden zt"]
[Site "Dresden"]
[Date "1998.??.??"]
[Round "1"]
[White "Stanec, Nikolaus"]
[Black "Dautov, Rustem"]
[Result "1/2-1/2"]
[WhiteElo "2485"]
[BlackElo "2600"]

1.d4 Nf6 2.c4 e6 3.Nf3 b6 4.a3 Bb7 5.Nc3 d5 6.Bg5 Be7 7.cxd5 Nxd5 8.Bxe7 Qxe7
9.Nxd5 Bxd5 10.Rc1 O-O 11.e3 c5 12.dxc5 bxc5 13.Bc4 Rd8 14.Bxd5 exd5 15.O-O Na6
16.Qa4 Nc7 17.b4 c4 18.Nd4 Qf6 19.Rfd1 Qb6 20.g3 g6 21.h4 h5 22.Rd2 Rd6 23.Qd1 Rad8
24.Rb1 Ne8  1/2-1/2

[Event "Dresden zt"]
[Site "Dresden"]
[Date "1998.??.??"]
[Round "4"]
[White "Soln, Primoz"]
[Black "Psakhis, Lev"]
[Result "1/2-1/2"]
[WhiteElo "2350"]
[BlackElo "2565"]

1.d4 e6 2.c4 Nf6 3.Nf3 b6 4.a3 c5 5.d5 Ba6 6.Qc2 exd5 7.cxd5 g6 8.Bf4 d6
9.Nc3 Bg7 10.Qa4+ Qd7 11.Bxd6 Qxa4 12.Nxa4 Nxd5 13.e4 Bxf1 14.Rxf1 Ne7 15.Nc3 Bxc3+
16.bxc3 Nbc6 17.O-O-O O-O-O 18.Ng5 Rdf8 19.e5 f6 20.exf6  1/2-1/2

[Event "Centrocoop June op-B"]
[Site "Eforie Nord"]
[Date "1998.??.??"]
[Round "?"]
[White "Tudor, S."]
[Black "Oncel, Ilie"]
[Result "1/2-1/2"]
[WhiteElo "1625"]
[BlackElo "2140"]

1.d4 Nf6 2.c4 e6 3.Nf3 b6 4.a3 Bb7 5.Nc3 Be7 6.e3 O-O 7.Bd3 d5 8.O-O Nbd7
9.cxd5 exd5 10.b4 c5 11.bxc5 bxc5 12.Rb1 Rb8 13.Qc2 cxd4 14.exd4 Nb6 15.a4 Nc4
16.Qa2 Ba8 17.Bf4 Rb4 18.Rxb4 Bxb4 19.Ne2 Nd6 20.Nd2 Re8 21.Ng3 Qb6 22.Nb3 Nc4
23.Rd1 Kh8 24.h3 Bc6 25.Rc1 Ba3 26.Rb1 Bb4 27.Nc5 Re1+ 28.Rxe1 Bxe1 29.Bxc4 dxc4
30.Qxc4 Bd5 31.Qb5 Qxb5 32.axb5 Bc4 33.Bb8  1/2-1/2

[Event "FIN-chT9899"]
[Site "FIN"]
[Date "1998.??.??"]
[Round "3"]
[White "Koskinen, Henri"]
[Black "Johansson, Jukka"]
[Result "1-0"]
[WhiteElo "2310"]
[BlackElo "2085"]

1.c4 Nf6 2.Nf3 e6 3.d4 b6 4.a3 Bb7 5.Nc3 g6 6.d5 Bg7 7.e4 d6 8.Be2 Nbd7 9.Qc2 Nc5
10.Rb1 a5 11.b4 Ncd7 12.O-O O-O 13.h3 Qe7 14.Be3 h6 15.Rfe1 Ne8 16.Nd4 e5
17.Nb3 axb4 18.axb4 f5 19.f3 f4 20.Bf2 Bc8 21.Nb5 h5 22.Ra1 Rb8 23.Ra7 g5
24.Nxc7 Nxc7 25.Rxc7 Qd8 26.Rc6 Nf6 27.c5 g4 28.Rxd6 Qe8 29.hxg4 hxg4 30.Rxb6 g3
31.Rxb8 Qh5 32.Bc4 gxf2+ 33.Qxf2  1-0

[Event "FIN-ch"]
[Site "FIN"]
[Date "1998.??.??"]
[Round "7"]
[White "Kanko, Ilkka"]
[Black "Sammalvuo, Tapani"]
[Result "0-1"]
[WhiteElo "2270"]
[BlackElo "2395"]

1.d4 Nf6 2.c4 e6 3.Nf3 b6 4.a3 Ba6 5.Qc2 Bb7 6.Nc3 c5 7.dxc5 Bxc5 8.Bf4 O-O
9.e3 Be7 10.Be2 Nh5 11.Bg3 d6 12.Rd1 Nxg3 13.hxg3 h6 14.e4 Qc8 15.g4 Rd8
16.g5 Nc6 17.gxh6 g6 18.h7+ Kh8 19.Qc1 Rd7 20.Qf4 Qf8 21.Ng5 Ne5 22.Nb5 Rad8
23.Nd4 Bxg5 24.Qxg5 Bxe4 25.f4 Nc6 26.Nb5 Qe7 27.Qg3 d5 28.Nc3 Bf5 29.cxd5 exd5
30.Kf1 d4 31.Bb5 dxc3 32.Qxc3+ Nd4 33.Bxd7 Qe2+  0-1

[Event "FIN-ch"]
[Site "FIN"]
[Date "1998.??.??"]
[Round "9"]
[White "Kanko, Ilkka"]
[Black "Norri, Joose"]
[Result "0-1"]
[WhiteElo "2270"]
[BlackElo "2405"]

1.d4 Nf6 2.c4 e6 3.Nf3 b6 4.a3 Ba6 5.Qc2 c5 6.d5 exd5 7.cxd5 g6 8.Nc3 Bg7
9.g3 O-O 10.Bg2 d6 11.O-O Re8 12.Bf4 Qe7 13.Rfe1 Nbd7 14.Rad1 b5 15.a4 b4
16.Nb5 Bxb5 17.axb5 Ne4 18.Ra1 Nb6 19.Nd2 Nxd2 20.Bxd2 Qd7 21.Bf4 Qxb5 22.Bxd6 c4
23.Bc7 b3 24.Qd2 Qc5 25.d6 c3 26.bxc3 Bxc3 27.Rec1 b2 28.Qxb2 Bxb2 29.Rxc5 Bxa1
30.Bxa8 Rxa8 31.Ra5 Bc3 32.Bxb6 Bxa5 33.Bxa5 Kf8 34.d7 Ke7 35.d8=R Rxd8 36.Bxd8+ Kxd8
37.Kf1 Kd7 38.Ke1 Kd6 39.Kd2 Kd5 40.Kc3 Kc5 41.Kb3 Kd4 42.Kb4 h5 43.Kb3 a5
44.Kc2 a4 45.Kb2 Kc4 46.h3 Kb4 47.g4 h4 48.g5 a3+ 49.Ka2 Kc3 50.Kxa3 Kd2
51.Kb4 Kxe2 52.Kc4 Kxf2 53.Kd4 Kg3 54.Ke4 Kxh3 55.Kf3 Kh2  0-1

[Event "Oberliga Ost B9798"]
[Site "Germany"]
[Date "1998.??.??"]
[Round "?.6"]
[White "Koehler, Ronald"]
[Black "Barth, Andreas"]
[Result "1-0"]
[WhiteElo "2235"]
[BlackElo "2245"]

1.d4 Nf6 2.c4 e6 3.Nf3 b6 4.a3 Bb7 5.Nc3 Be7 6.d5 O-O 7.e4 d6 8.Be2 Nbd7
9.O-O Nc5 10.Qc2 a5 11.b3 Nfd7 12.Be3 Bf6 13.Nd4 Re8 14.b4 axb4 15.axb4 Na6
16.Ra4 Qc8 17.Qb3 Bxd4 18.Bxd4 c5 19.dxc6 Bxc6 20.Rxa6 Rxa6 21.b5 Ra5 22.bxc6 Qxc6
23.Rb1 Rea8 24.h3 Ra1 25.Rxa1 Rxa1+ 26.Kh2 Ra5 27.Bf3 Qc8 28.Nb5 Qb8 29.g3 Nc5
30.Qb2 e5 31.Be3 Ra4 32.Qc2 Qa8 33.Nxd6 Ra2 34.Qb1 Ne6 35.Qxb6 Ra6 36.Qb7 Qxb7
37.Nxb7 Rc6 38.c5 Rc7 39.Nd6 Nxc5 40.Nb5 Rc6 41.Nc3 Ne6 42.Nd5 Rc4 43.Kg2 Nd4
44.Bd1 Nc2 45.Bxc2 Rxc2 46.Kf3 Rc4 47.Bd2 f6 48.Ke3 Kf7 49.Bc3 Ke6 50.Kd3 Ra4
51.Nb4 Ra7 52.f3 h5 53.h4 g6 54.f4 Rd7+ 55.Ke3 exf4+ 56.gxf4 Rd1 57.Nd3 Rh1
58.Be1 Rh3+ 59.Ke2 Kf7 60.Bf2 Ke7 61.Nb4 Ke6 62.Nc6 Ra3 63.Nd4+ Kf7 64.Be3 Ra5
65.Kf3 Rc5 66.Nf5 Ra5 67.Ng3 Ra1 68.f5 Ra3 69.fxg6+ Kxg6 70.Ne2 Ra5 71.Nd4 Ra3
72.Kf4 Ra1 73.Nf5 Rf1+ 74.Kg3 Re1 75.Kf2 Rb1 76.Ke2 Rb3 77.Bd4 Ra3 78.Kd2 Ra4
79.Kd3 Rb4 80.Ne7+ Kf7 81.Nd5 Rb3+ 82.Kc4 Rb1 83.Bxf6 Ke6 84.Bd4 Rh1 85.Nf4+ Kd6
86.Bf6 Rf1 87.e5+ Kd7 88.Nxh5 Ke6 89.Kd4 Ra1 90.Ng7+ Kf7 91.Ke4 Re1+ 92.Kf5 Rf1+
93.Kg5 Rg1+ 94.Kh6 Rg6+ 95.Kh7 Rg4 96.Nf5 Rf4 97.Ng7 Rf1 98.h5 Rf2 99.h6 Rf4
100.Nh5 Rf3 101.Bg7 Rh3 102.Nf4 Rh4 103.e6+ Ke8 104.Ng6 Rg4 105.Bf6 Rg1 106.Kg7 Rh1
107.Nh4 Rxh4 108.h7 Rh5 109.h8=Q+ Rxh8 110.Kxh8  1-0

[Event "Oberliga Nord N9798"]
[Site "Germany"]
[Date "1998.??.??"]
[Round "?"]
[White "Bohnsack, Ralf"]
[Black "Danielsen, Henrik"]
[Result "0-1"]
[WhiteElo "2260"]
[BlackElo "2500"]

1.d4 Nf6 2.Nf3 e6 3.c4 b6 4.a3 Bb7 5.Nc3 d5 6.cxd5 Nxd5 7.Qc2 Nxc3 8.bxc3 Nd7
9.e4 c5 10.Bd3 Rc8 11.Qb3 Qc7 12.Qb1 Bd6 13.O-O c4 14.Bc2 e5 15.Be3 O-O 16.h3 f5
17.Ng5 f4 18.Ne6 Qb8 19.Nxf8 Nxf8 20.dxe5 Bxe5 21.Bd4 f3 22.g3 Ne6 23.Qd1 Rf8
24.Kh2 Bc6 25.Re1 Qd6 26.Bxe5 Qxe5 27.Qd2 h6 28.Qe3 Ng5 29.h4 Qe6 30.hxg5 Bd7  0-1

[Event "BL2-S9798"]
[Site "Germany"]
[Date "1998.??.??"]
[Round "?.6"]
[White "Fahnenschmidt, Gerhard"]
[Black "Staiger, Frank"]
[Result "1/2-1/2"]
[WhiteElo "2370"]
[BlackElo "2325"]

1.d4 Nf6 2.c4 e6 3.Nf3 b6 4.a3 Bb7 5.Nc3 d5 6.cxd5 Nxd5 7.Qc2 Be7 8.e4 Nxc3
9.bxc3 c5 10.Bb5+ Bc6 11.Bd3 O-O 12.O-O Bb7 13.Qe2 Qe8 14.d5 exd5 15.exd5 Bf6
16.Bg5 Qd8 17.Qe4 g6 18.Qh4 Nd7 19.Rfe1 Bxd5 20.Be4 Bxe4 21.Rxe4 Bxg5 22.Nxg5 h5
23.Rd1 Re8 24.Qf4 Qf6 25.Qe3 Red8 26.h4 Nf8 27.Rxd8 Qxd8 28.Qf3 Qd5 29.c4 Qb7
30.Qe2 Rd8 31.Re7 Rd7 32.Re8 Qc7 33.g3 Qd6 34.Kg2 Kg7 35.Qf3 f6 36.Ne4 Qc6
37.Kh2 f5 38.Qf4 Qc7 39.Qxc7 Rxc7 40.Ng5 Rd7 41.Ra8 Nh7 42.Ne6+ Kf6 43.Nf4 Kf7
44.a4 Nf6 45.f3 Ne8 46.Nd5 Nd6 47.Ne3 Re7 48.Nd5  1/2-1/2

[Event "BL2-W9798"]
[Site "Germany"]
[Date "1998.??.??"]
[Round "?.2"]
[White "Sjodahl, Pontus"]
[Black "Lingnau, Carsten"]
[Result "1/2-1/2"]
[WhiteElo "2410"]
[BlackElo "2425"]

1.d4 Nf6 2.c4 e6 3.Nf3 b6 4.a3 Bb7 5.Nc3 d5 6.Bg5 Be7 7.Qa4+ Bc6 8.Qc2 dxc4
9.e3 b5 10.a4 b4 11.Bxf6 gxf6 12.Nb1 Bxf3 13.gxf3 c5 14.dxc5 Nd7 15.c6 Ne5
16.Bxc4 Qb6 17.Nd2 Rc8 18.Rc1 Kf8 19.Bb5 a6 20.f4 axb5 21.fxe5 fxe5 22.axb5 Qxb5
23.Rg1 f6 24.Qe4 f5 25.Qc4 Qxc4 26.Rxc4 e4 27.Ke2 Kf7 28.f3 exf3+ 29.Nxf3 Bf6
30.b3 Bc3 31.Nd4 Bxd4 32.exd4 Rhd8 33.Ke3 Rc7 34.Rgc1 Rd6 35.Rc5 Kf6 36.R1c4 Ke7
37.Kf4 Kf6 38.h3 h6 39.Ke3 Kf7 40.Rxb4 Rcxc6 41.Rbc4 Ra6 42.b4 Ra1 43.Rc1  1/2-1/2

[Event "Oberliga Nord O9798"]
[Site "Germany"]
[Date "1998.??.??"]
[Round "?"]
[White "Steinert, Marc"]
[Black "Thal, Olaf"]
[Result "1/2-1/2"]
[WhiteElo "2230"]
[BlackElo "2295"]

1.d4 Nf6 2.c4 e6 3.Nf3 b6 4.a3 Ba6 5.Qc2 d5 6.e3 Be7 7.b4 dxc4 8.Bxc4 Bxc4
9.Qxc4 c5 10.O-O O-O 11.Nc3 Qc8 12.Qb3 Nc6 13.dxc5 bxc5 14.b5 Na5 15.Qa4 Qc7
16.Bb2 c4 17.Nd4 Rfc8 18.Qc2 Qb7 19.Rad1 Rd8 20.e4 Rac8 21.Qe2 Bc5 22.Nf3 Qe7
23.a4 Ba3 24.Ba1 Nb3 25.Rxd8+ Qxd8 26.Rd1 Qa5 27.Bb2 Bxb2 28.Qxb2 Nc5 29.Qc2 Nd3
30.h3 h6 31.Nd4  1/2-1/2

[Event "BL2-O9798"]
[Site "Germany"]
[Date "1998.??.??"]
[Round "8.1"]
[White "Khenkin, Igor"]
[Black "Mischustov, Michael"]
[Result "1/2-1/2"]
[WhiteElo "2550"]
[BlackElo "2395"]

1.d4 Nf6 2.c4 e6 3.Nf3 b6 4.a3 Bb7 5.Nc3 d5 6.cxd5 Nxd5 7.e3 g6 8.Bb5+ c6
9.Bd3 Bg7 10.e4 Nxc3 11.bxc3 c5 12.O-O O-O  1/2-1/2

[Event "Gyongyos Matra Kupa"]
[Site "Gyongyos"]
[Date "1998.??.??"]
[Round "3"]
[White "Juhasz, Bela"]
[Black "Vereb, Andras"]
[Result "0-1"]
[WhiteElo "2235"]
[BlackElo "2130"]

1.d4 Nf6 2.c4 e6 3.Nf3 b6 4.a3 Bb7 5.g3 d5 6.Bg2 Bd6 7.Nc3 a6 8.cxd5 exd5
9.O-O O-O 10.Nh4 Re8 11.Bg5 c6 12.Nf5 h6 13.Bh4 Bf8 14.f4 Bc8 15.Qd3 Bxf5
16.Qxf5 Qd7 17.Qd3 Be7 18.h3 Ne4 19.Bxe7 Qxe7 20.Nxe4 dxe4 21.Qb3 Nd7 22.Rac1 Rec8
23.Rc3 Qd6 24.e3 Nf6 25.Rfc1 Nd5 26.Rc4 f5 27.Kf2 Ra7 28.Qc2 Rac7 29.b4 Kf7
30.Bf1 g5 31.Qd1 Qg6 32.Be2 Ke7 33.Qg1 Rg8 34.Qh2 gxf4 35.gxf4 Kd6 36.a4 b5
37.axb5 axb5 38.Rc5 Nxb4 39.Bxb5 cxb5 40.Rxc7 Nd3+ 41.Kf1 Nxc1 42.Rxc1 Qh5
43.Ke1 Qf3  0-1

[Event "Perenyi mem 2nd"]
[Site "Gyula"]
[Date "1998.??.??"]
[Round "3"]
[White "Zimmerman, Yuri"]
[Black "Vadasz, Laszlo"]
[Result "0-1"]
[WhiteElo "2340"]
[BlackElo "2380"]

1.d4 Nf6 2.c4 e6 3.Nf3 b6 4.a3 Ba6 5.Qb3 Be7 6.d5 c6 7.Nc3 O-O 8.Bf4 exd5
9.cxd5 cxd5 10.Nxd5 Nxd5 11.Qxd5 Nc6 12.O-O-O Rc8 13.Kb1 Na5 14.e3 Bb7 15.Qh5 Bf6
16.Bd3 g6 17.Qg4 Nc4 18.Bxc4 Rxc4 19.Nd2 Rc5 20.Bd6 Rg5 21.Qe2 Re8 22.f3 Bxb2
23.h4 Rd5 24.Kxb2 Rxd6 25.Nb3 Qf6+ 26.Rd4 Rxd4  0-1

[Event "Perenyi mem 2nd"]
[Site "Gyula"]
[Date "1998.??.??"]
[Round "9"]
[White "Lauber, Arnd"]
[Black "Vadasz, Laszlo"]
[Result "1/2-1/2"]
[WhiteElo "2370"]
[BlackElo "2380"]

1.d4 Nf6 2.c4 e6 3.Nf3 b6 4.a3 Ba6 5.Qc2 c5 6.d5 exd5 7.cxd5 d6 8.Nc3 Be7
9.g3 O-O 10.Bg2 Re8 11.O-O Bf8 12.Re1 Nbd7 13.h3 Ne5 14.Nxe5 Rxe5 15.e4 Re8
16.Be3 Nd7 17.f4 g6 18.Rad1 Bg7 19.Kh2 Bb7 20.Nb5 Nf6 21.Bd2 a6 22.Nxd6 Qxd6
23.e5 Qd8 24.exf6 Qxf6 25.Bc3 Qd6 26.Bxg7 Rxe1 27.Rxe1 Kxg7 28.Qc3+ Kg8 29.h4 Rd8
30.Re5 Bc8 31.Qe3 Bd7 32.Bf3 Kf8 33.Qc3 f6 34.Re1  1/2-1/2

[Event "Helsinki op1"]
[Site "Helsinki"]
[Date "1998.??.??"]
[Round "2"]
[White "Jouhki, Yrjo Markus"]
[Black "Koskela, Niina"]
[Result "1-0"]
[WhiteElo "2280"]
[BlackElo "2190"]

1.d4 Nf6 2.c4 e6 3.Nf3 b6 4.a3 Bb7 5.Nc3 d5 6.Qc2 Be7 7.Bf4 O-O 8.e3 c6 9.cxd5 exd5
10.Bd3 Nbd7 11.g4 g6 12.h4 c5 13.Rg1 Re8 14.O-O-O c4 15.Be2 a6 16.h5 b5 17.Ne5 Ne4
18.hxg6 fxg6 19.f3 Nxc3 20.Qxc3 Nxe5 21.Bxe5 Qb6 22.Rh1 b4 23.axb4 Bxb4 24.Qc2 Re7
25.f4 a5 26.f5 a4 27.fxg6 Qxg6 28.Qxg6+ hxg6 29.Rdf1 Rxe5 30.dxe5 Kg7 31.e6 Rf8
32.Rxf8 Bxf8 33.Bf3 Kf6 34.Rh7 Be7 35.g5+ Kxe6 36.Bg4+ Kd6 37.Rg7 Bc6 38.Rxg6+ Kc5
39.Rg8 d4 40.exd4+ Kxd4 41.Bf5 a3 42.bxa3 Bd5 43.Rg7 Bxa3+ 44.Kb1 Ke5 45.Bc2 Bc5
46.Rc7 Kd6 47.Rh7 Bd4 48.g6 Bg8 49.Rb7 Bd5 50.Rb8 Ke7 51.Rb5 Kd6 52.Ra5 Ke6
53.Ra6+ Ke7 54.Bf5 c3 55.Kc2 Bg2 56.Ra4 Be5 57.Be4 Bh3 58.Ra7+ Kf8 59.Rf7+  1-0

[Event "HUN-chT9899"]
[Site "HUN"]
[Date "1998.??.??"]
[Round "?"]
[White "Pal, Peter"]
[Black "Kiss, Attila"]
[Result "1/2-1/2"]
[WhiteElo "2255"]
[BlackElo "2340"]

1.d4 Nf6 2.c4 e6 3.Nf3 b6 4.a3 Bb7 5.Nc3 d5 6.cxd5 Nxd5 7.e3 Be7 8.Bb5+ c6
9.Nxd5 Qxd5 10.Bd3 O-O 11.Qc2 h6 12.Be4 Qd8 13.Ne5 Bd6 14.Nc4 Be7 15.O-O Nd7
16.Rd1 b5 17.Nd2 a5 18.b3 Qb6 19.Bb2 Rac8 20.Rac1 c5 21.Qb1  1/2-1/2

[Event "HUN-chT9899"]
[Site "HUN"]
[Date "1998.??.??"]
[Round "?"]
[White "Bali, Janos"]
[Black "Papp, Nandor"]
[Result "1-0"]
[WhiteElo "2365"]
[BlackElo "2155"]

1.d4 Nf6 2.c4 e6 3.Nf3 b6 4.a3 Bb7 5.Nc3 d5 6.cxd5 exd5 7.g3 Nbd7 8.Bf4 c6
9.Bg2 Be7 10.O-O O-O 11.Rc1 Re8 12.Re1 Nf8 13.Ne5 Ne6 14.Bh3 Bd6 15.e3 h6
16.Nd3 Nxf4 17.Nxf4 Bc8 18.Bg2 Bf5 19.Nd3 Qd7 20.f3 Rac8 21.e4 dxe4 22.fxe4 Bg4
23.Qd2 Bf8 24.Nf2 Be6 25.Ne2 Ng4 26.Nd3 g5 27.h3 Nf6 28.Nf2 Bg7 29.Rc3 Nh7
30.g4 f6 31.Qc2 Qd6 32.Rc1 Bd7 33.b4 Nf8 34.Nh1 Ne6 35.Qd1 Red8 36.Nhg3 Nf4
37.Nxf4 Qxf4 38.Qb3+ Kf8 39.Rf1 Qd6 40.Rd3 Be6 41.d5 cxd5 42.exd5 Kg8 43.Ne4 Qd7
44.Nxf6+ Bxf6 45.Rxf6 Rc1+ 46.Rf1 Rxf1+ 47.Bxf1 Bf7 48.Bg2 Re8 49.Rd1 Qd6
50.Qc3 Re2 51.Qf3 Re5 52.Qg3 Kf8 53.Rf1 Kg8 54.Qf2 Qe7 55.d6 Qe6 56.Qd4 Be8
57.Rd1 Kf8 58.Kh2 Bd7 59.Rf1+ Ke8 60.Rf2 Kd8 61.Rd2 Qe8 62.Qc4 Qe6 63.Qc7+ Ke8
64.Qb8+ Kf7 65.Qxa7 Rb5 66.Rf2+ Kg6 67.Qb8 Be8 68.d7 Bxd7 69.Be4+  1-0

[Event "HUN-chT29899"]
[Site "HUN"]
[Date "1998.??.??"]
[Round "?"]
[White "Szeles, Karoly"]
[Black "Horvath, Andras"]
[Result "1-0"]
[WhiteElo "2265"]
[BlackElo "2250"]

1.d4 Nf6 2.c4 e6 3.Nf3 b6 4.a3 Bb7 5.Nc3 d5 6.cxd5 Nxd5 7.Qc2 Nd7 8.e4 Nxc3
9.bxc3 c5 10.Bd3 Qc7 11.O-O Be7 12.Qe2 h6 13.d5 e5 14.Bb5 Bd6 15.Nh4 a6 16.Bxd7+ Qxd7
17.Nf5 Bf8 18.a4 b5 19.axb5 axb5 20.Rxa8+ Bxa8 21.Bd2 Bb7 22.Rb1 c4 23.Qg4 g6
24.Qg3 Qc7 25.Ne3 Bg7 26.Nf5 Bf8 27.Nd4 Ba6 28.Ra1 Qd6 29.Nc6  1-0